[Event "FRA-chT Top 16 Haute"]
[Site "Belfort"]
[Date "2025.05.31"]
[Round "3.6"]
[White "Defromont, Benjamin"]
[Black "Lamaze, Simon"]
[Result "0-1"]
[WhiteElo "2388"]
[BlackElo "2424"]
[PlyCount "70"]
[EventDate "2025.05.29"]
[EventType "team-tourn"]
[EventRounds "4"]
[EventCountry "FRA"]
[SourceTitle "CB23_2025"]
[SourceDate "2025.06.04"]
[SourceVersion "1"]
[SourceVersionDate "2025.06.04"]
[SourceQuality "1"]
[WhiteTeam "Cannes"]
[BlackTeam "Marseille"]
[WhiteTeamCountry "FRA"]
[BlackTeamCountry "FRA"]

1. e4 c5 2. Nf3 e6 3. d4 cxd4 4. Qxd4 Nc6 5. Qe3 Nf6 6. Nc3 d6 7. b3 a6 8. Bb2 Be7 9. 0-0-0 Qc7 10. h3 b5 11. g4 h6 12. Kb1 Bb7 13. g5 hxg5 14. Nxg5 Rf8 15. Bg2 0-0-0 16. f4 Kb8 17. Rd2 b4 18. Ne2 d5 19. exd5 Nxd5 20. Bxd5 exd5 21. Rhd1 Rfe8 22. Rxd5 Bxg5 23. Rxd8+ Rxd8 24. Rxd8+ Bxd8 25. Bxg7 f6 26. Bh6 Qd7 27. Kb2 Ne7 28. Qc5 Nd5 29. Qf8 Ka7 30. Bg7 Be7 31. Qh8 Qe6 32. Qh5 Qe3 33. Qg4 Bc5 34. h4 Nc3 35. Bxf6 Nxe2 0-1

[Event "FRA-chT Top 16 Haute"]
[Site "Belfort"]
[Date "2025.05.30"]
[Round "2.7"]
[White "Defromont, Benjamin"]
[Black "Pelletier, Yannick"]
[Result "1-0"]
[WhiteElo "2388"]
[BlackElo "2519"]
[PlyCount "80"]
[EventDate "2025.05.29"]
[EventType "team-tourn"]
[EventRounds "4"]
[EventCountry "FRA"]
[SourceTitle "CB23_2025"]
[SourceDate "2025.06.04"]
[SourceVersion "1"]
[SourceVersionDate "2025.06.04"]
[SourceQuality "1"]
[WhiteTeam "Cannes"]
[BlackTeam "Asnieres"]
[WhiteTeamCountry "FRA"]
[BlackTeamCountry "FRA"]

1. e4 c6 2. d4 d5 3. e5 c5 4. Nf3 cxd4 5. Nxd4 Nc6 6. Nxc6 bxc6 7. Bd3 e6 8. 0-0 Ne7 9. Nd2 Ng6 10. Nf3 Be7 11. Re1 0-0 12. c3 c5 13. g3 a5 14. Qe2 a4 15. h4 Re8 16. Ng5 Nf8 17. Qh5 g6 18. Qh6 f5 19. h5 Bxg5 20. Bxg5 Qd7 21. hxg6 Nxg6 22. Bf6 Ba6 23. Bxf5 Qf7 24. Bc2 Reb8 25. Kg2 d4 26. Bxg6 Qxg6 27. Qxg6+ hxg6 28. Rh1 g5 29. g4 Bd3 30. cxd4 Rxb2 31. Kg3 Kf7 32. dxc5 Bc2 33. Bxg5 a3 34. Be3 Rd8 35. Rhc1 Rd3 36. Kf4 Kg6 37. Rh1 Rc3 38. Rh8 Bb1 39. Rg8+ Kf7 40. Ra8 Bxa2 1-0

[Event "FRA-chT Top 16 GpA"]
[Site "Belfort"]
[Date "2025.05.28"]
[Round "7.6"]
[White "Defromont, Benjamin"]
[Black "Yoganathan, Sakithyan"]
[Result "1-0"]
[WhiteElo "2388"]
[BlackElo "2214"]
[PlyCount "108"]
[EventDate "2025.05.22"]
[EventType "team-tourn"]
[EventRounds "7"]
[EventCountry "FRA"]
[SourceTitle "CB22_2025"]
[SourceDate "2025.05.28"]
[SourceVersion "1"]
[SourceVersionDate "2025.05.28"]
[SourceQuality "1"]
[WhiteTeam "Cannes"]
[BlackTeam "Bois Colombes"]
[WhiteTeamCountry "FRA"]
[BlackTeamCountry "FRA"]

1. e4 c5 2. Nf3 e6 3. d4 cxd4 4. Nxd4 Nf6 5. Nc3 Nc6 6. Be2 Bb4 7. 0-0 Bxc3 8. bxc3 Nxe4 9. Nxc6 dxc6 10. Bd3 Nc5 11. Qg4 Qf6 12. Bg5 Qxc3 13. Rad1 h6 14. Qh3 Bd7 15. Bd2 Qf6 16. Bb4 b6 17. Bxc5 bxc5 18. Be4 Qe7 19. Qb3 f5 20. Qb7 Rd8 21. Rxd7 Rxd7 22. Bxc6 Qd6 23. Qc8+ Ke7 24. Qxh8 Qxc6 25. Qxg7+ Kd8 26. Qxh6 Qd6 27. h4 f4 28. Re1 Re7 29. Qf8+ Kc7 30. Qa8 Rd7 31. Qxa7+ Kd8 32. Qa8+ Ke7 33. Qe4 Kf6 34. a4 e5 35. a5 Qd4 36. a6 Qxe4 37. Rxe4 Rd1+ 38. Kh2 Ra1 39. Rc4 Rxa6 40. Rxc5 Kf5 41. f3 Ra1 42. Rc6 Ra7 43. h5 Rh7 44. h6 e4 45. fxe4+ Kxe4 46. Kh3 f3 47. gxf3+ Kxf3 48. Rf6+ Ke4 49. Kg4 Ke5 50. Kg5 Rh8 51. Rf7 Ke6 52. Rg7 Rf8 53. h7 Rf5+ 54. Kg4 Kd5 1-0

[Event "FRA-chT Top 16 GpA"]
[Site "Belfort"]
[Date "2025.05.27"]
[Round "6.6"]
[White "Vitoux, Colomban"]
[Black "Defromont, Benjamin"]
[Result "0-1"]
[WhiteElo "2367"]
[BlackElo "2388"]
[PlyCount "112"]
[EventDate "2025.05.22"]
[EventType "team-tourn"]
[EventRounds "7"]
[EventCountry "FRA"]
[SourceTitle "CB22_2025"]
[SourceDate "2025.05.28"]
[SourceVersion "1"]
[SourceVersionDate "2025.05.28"]
[SourceQuality "1"]
[WhiteTeam "Metz Fischer"]
[BlackTeam "Cannes"]
[WhiteTeamCountry "FRA"]
[BlackTeamCountry "FRA"]

1. e4 e5 2. Nf3 Nc6 3. Bc4 d6 4. d4 Nf6 5. d5 Nb8 6. Nc3 Be7 7. h3 h6 8. Be3 0-0 9. Qd2 a6 10. a4 b6 11. 0-0 Nh7 12. Kh2 Ng5 13. Ng1 f5 14. exf5 Bxf5 15. f3 Nd7 16. Nge2 Bf6 17. Ng3 Bh7 18. Bd3 e4 19. Ngxe4 Nxe4 20. Bxe4 Bxe4 21. fxe4 Be5+ 22. Kg1 Qh4 23. Bd4 Bf4 24. Be3 Be5 25. Bd4 Bf4 26. Qd3 Ne5 27. Bxe5 Bxe5 28. Rxf8+ Rxf8 29. Rf1 Re8 30. Qf3 Qe7 31. Nd1 Bd4+ 32. Kh1 Qxe4 33. Qf7+ Kh7 34. c3 Re7 35. Qh5 g6 36. Qf3 Qxf3 37. gxf3 Bf6 38. Nf2 Re2 39. Ne4 Be5 40. Rf2 Re1+ 41. Kg2 g5 42. Rf1 Re3 43. Kf2 Rd3 44. Ke2 Rxd5 45. f4 gxf4 46. Rxf4 Kg6 47. Rf8 Bg7 48. Rc8 Re5 49. Kd3 Re7 50. b4 d5 51. Nd2 Be5 52. Ra8 Bf4 53. Nb3 Re3+ 54. Kd4 Rxh3 55. Rxa6 c6 56. Ra8 Bg5 0-1

[Event "FRA-chT Top 16 GpA"]
[Site "Belfort"]
[Date "2025.05.24"]
[Round "3.7"]
[White "Defromont, Benjamin"]
[Black "Bauer, Christian"]
[Result "0-1"]
[WhiteElo "2388"]
[BlackElo "2561"]
[PlyCount "78"]
[EventDate "2025.05.22"]
[EventType "team-tourn"]
[EventRounds "7"]
[EventCountry "FRA"]
[SourceTitle "CB22_2025"]
[SourceDate "2025.05.28"]
[SourceVersion "1"]
[SourceVersionDate "2025.05.28"]
[SourceQuality "1"]
[WhiteTeam "Cannes"]
[BlackTeam "Chartres"]
[WhiteTeamCountry "FRA"]
[BlackTeamCountry "FRA"]

1. e4 c6 2. Nf3 d5 3. Nc3 dxe4 4. Nxe4 Nf6 5. Qe2 Na6 6. d3 Nxe4 7. dxe4 g6 8. g3 Bg7 9. Bg2 Qa5+ 10. Bd2 Qb6 11. 0-0 Qxb2 12. c3 0-0 13. Rfb1 Qa3 14. e5 Qc5 15. Rb3 Qa5 16. c4 Qc7 17. Bf4 Nc5 18. Ra3 Ne6 19. Be3 c5 20. Rd1 Bd7 21. Rad3 Ba4 22. R1d2 Rad8 23. Ng5 Rxd3 24. Rxd3 Qxe5 25. Nxe6 Qxe6 26. Ra3 Bc6 27. Rxa7 Rd8 28. h4 h5 29. Kh2 Bf6 30. Bd5 Bxd5 31. cxd5 Qb6 32. Ra4 Rxd5 33. Ra8+ Kg7 34. Rc8 Qe6 35. Rc7 b6 36. a4 Bxh4 37. Qb5 Bxg3+ 38. Kxg3 Qd6+ 39. Bf4 e5 0-1

[Event "FRA-chT Top 16 GpA"]
[Site "Belfort"]
[Date "2025.05.23"]
[Round "2.5"]
[White "Gao, Etienne"]
[Black "Defromont, Benjamin"]
[Result "1/2-1/2"]
[WhiteElo "2240"]
[BlackElo "2388"]
[PlyCount "37"]
[EventDate "2025.05.22"]
[EventType "team-tourn"]
[EventRounds "7"]
[EventCountry "FRA"]
[SourceTitle "CB22_2025"]
[SourceDate "2025.05.28"]
[SourceVersion "1"]
[SourceVersionDate "2025.05.28"]
[SourceQuality "1"]
[WhiteTeam "Le Mans"]
[BlackTeam "Cannes"]
[WhiteTeamCountry "FRA"]
[BlackTeamCountry "FRA"]

1. e4 g6 2. d4 d5 3. exd5 Qxd5 4. Nf3 Qd8 5. Bc4 Bg7 6. Ne5 e6 7. 0-0 Nf6 8. Nc3 0-0 9. Bg5 h6 10. Bh4 Nbd7 11. Re1 c5 12. Nxd7 Bxd7 13. dxc5 Rc8 14. Qd4 Qe7 15. Bxf6 Bxf6 16. Nd5 exd5 17. Rxe7 Bxd4 18. Rxd7 dxc4 19. Rxd4 1/2-1/2

[Event "Cappelle op 41st"]
[Site "Cappelle la Grande"]
[Date "2025.02.17"]
[Round "4"]
[White "Defromont, Benjamin"]
[Black "Mueer, Sebastian"]
[Result "1/2-1/2"]
[WhiteElo "2395"]
[BlackElo "2219"]
[PlyCount "81"]
[EventDate "2025.02.15"]
[EventType "swiss"]
[EventRounds "9"]
[EventCountry "FRA"]
[SourceTitle "CB09_2025"]
[SourceDate "2025.02.27"]
[SourceVersion "1"]
[SourceVersionDate "2025.02.27"]
[SourceQuality "1"]

1. e4 c5 2. Nf3 e6 3. d4 cxd4 4. Qxd4 Nc6 5. Qe3 d5 6. exd5 Nb4 7. Bb5+ Bd7 8. Bxd7+ Qxd7 9. Qe2 Qxd5 10. Nc3 Qa5 11. a3 Nc6 12. Bd2 Qb6 13. 0-0-0 Nf6 14. Qc4 a6 15. Be3 Qc7 16. Bf4 Qa5 17. Ne4 Nxe4 18. Qxe4 Be7 19. Ne5 0-0 20. Nxc6 bxc6 21. Be5 Rfd8 22. h4 Rd5 23. Bc3 Qb6 24. Qg4 Bf8 25. Rxd5 exd5 26. h5 h6 27. Rh3 c5 28. Be5 Re8 29. Re3 Qc6 30. Bf4 d4 31. Rxe8 Qxe8 32. Kd2 c4 33. Qf5 Qc6 34. Be5 c3+ 35. bxc3 Qxc3+ 36. Kd1 Bxa3 37. Qe4 Bb4 38. Qa8+ Kh7 39. Qe4+ Kg8 40. Qa8+ Kh7 41. Qe4+ 1/2-1/2

[Event "Brena Baja Magica"]
[Site "Brena Baja"]
[Date "2025.01.13"]
[Round "9"]
[White "Defromont, Benjamin"]
[Black "Grieve, Harry"]
[Result "1-0"]
[WhiteElo "2394"]
[BlackElo "2458"]
[PlyCount "103"]
[EventDate "2025.01.07"]
[EventType "tourn"]
[EventRounds "9"]
[EventCountry "ESP"]
[EventCategory "6"]
[SourceTitle "CB03_2025"]
[SourceDate "2025.01.15"]
[SourceVersion "1"]
[SourceVersionDate "2025.01.15"]
[SourceQuality "1"]

1. e4 c5 2. Nf3 e6 3. d3 Nc6 4. g3 Nf6 5. Bg2 d6 6. 0-0 Be7 7. Re1 0-0 8. c3 Bd7 9. d4 d5 10. exd5 exd5 11. Be3 Ng4 12. Bf4 h6 13. h3 Nf6 14. Nbd2 cxd4 15. Nxd4 Nxd4 16. cxd4 Be6 17. Qb3 Qb6 18. Qxb6 axb6 19. Bf1 Rfc8 20. a3 g5 21. Be3 Ne4 22. Nxe4 dxe4 23. Bd2 f5 24. g4 Bf6 25. gxf5 Bxf5 26. Bc3 Kf7 27. Re3 Rc7 28. Bg2 Re8 29. Rf1 Kg6 30. Rfe1 Rce7 31. d5 Rd8 32. Bxf6 Kxf6 33. f3 exf3 34. Rxe7 fxg2 35. Rxb7 Bxh3 36. Rxb6+ Kf5 37. Rb3 g4 38. Rd3 Rd6 39. a4 Kg5 40. a5 Rf6 41. Rdd1 g3 42. d6 Rf7 43. a6 h5 44. b4 h4 45. b5 Bg4 46. d7 Bxd7 47. a7 Rf8 48. Rxd7 h3 49. Rd2 Kg4 50. b6 Kf3 51. Rxg2 hxg2 52. Ra1 1-0

[Event "Brena Baja Magica"]
[Site "Brena Baja"]
[Date "2025.01.10"]
[Round "6"]
[White "Golubka, Petr"]
[Black "Defromont, Benjamin"]
[Result "1-0"]
[WhiteElo "2353"]
[BlackElo "2394"]
[PlyCount "65"]
[EventDate "2025.01.07"]
[EventType "tourn"]
[EventRounds "9"]
[EventCountry "ESP"]
[EventCategory "6"]
[SourceTitle "CB03_2025"]
[SourceDate "2025.01.15"]
[SourceVersion "1"]
[SourceVersionDate "2025.01.15"]
[SourceQuality "1"]

1. Nf3 Nf6 2. g3 g6 3. Bg2 Bg7 4. 0-0 0-0 5. d4 d6 6. c4 Nfd7 7. Nc3 e5 8. e4 exd4 9. Nxd4 Nc6 10. Nde2 Nc5 11. Be3 Re8 12. Qd2 Bg4 13. f3 Be6 14. b3 a5 15. Rab1 f5 16. Nf4 Bf7 17. Nfd5 fxe4 18. fxe4 Bxd5 19. Nxd5 Re5 20. a3 Kh8 21. Rf7 Nxe4 22. Bxe4 Rxe4 23. Rbf1 Qe8 24. Bh6 Bd4+ 25. Kh1 Kg8 26. Nxc7 Qxf7 27. Rxf7 Kxf7 28. Nxa8 Ne5 29. Kg2 a4 30. bxa4 Nxc4 31. Qd3 d5 32. Nc7 Ne5 33. Qf1+ 1-0

[Event "Brena Baja Magica"]
[Site "Brena Baja"]
[Date "2025.01.10"]
[Round "5"]
[White "Mamani Beltran, Deniman"]
[Black "Defromont, Benjamin"]
[Result "1/2-1/2"]
[WhiteElo "2321"]
[BlackElo "2394"]
[PlyCount "221"]
[EventDate "2025.01.07"]
[EventType "tourn"]
[EventRounds "9"]
[EventCountry "ESP"]
[EventCategory "6"]
[SourceTitle "CB03_2025"]
[SourceDate "2025.01.15"]
[SourceVersion "1"]
[SourceVersionDate "2025.01.15"]
[SourceQuality "1"]

1. e4 c6 2. Nf3 d5 3. Nc3 dxe4 4. Nxe4 Nf6 5. Nxf6+ exf6 6. d4 Bd6 7. Be2 0-0 8. 0-0 Re8 9. Re1 Nd7 10. Bf1 Rxe1 11. Nxe1 Nf8 12. c3 Be6 13. Be3 Qc7 14. h3 Ng6 15. Nd3 f5 16. b3 a5 17. Rc1 Qe7 18. Qd2 a4 19. c4 axb3 20. axb3 Ra3 21. Rb1 Qc7 22. f4 Qb8 23. g3 Ne7 24. Nc5 Bc8 25. Qb2 Ra7 26. Ra1 b6 27. Nd3 Be6 28. Qc1 h6 29. Bg2 Qa8 30. Rxa7 Qxa7 31. Ne5 Qa2 32. Qc3 b5 33. Nxc6 Nxc6 34. Bxc6 bxc4 35. bxc4 Bxc4 36. Bg2 Qb1+ 37. Kh2 Qb5 38. d5 Kh7 39. Bd4 f6 40. Qb2 Qa6 41. Qb6 Qa2 42. Bf2 Bf8 43. Qd4 Bd6 44. Be3 Kg6 45. Kg1 Qe2 46. Bf2 Bd3 47. Qe3 Qxe3 48. Bxe3 Kf7 49. Kf2 Ke7 50. Bb6 Ba3 51. Ke3 Ba6 52. g4 fxg4 53. hxg4 Kd6 54. Ke4 Bc4 55. Kf5 Bd3+ 56. Be4 g6+ 57. Kxg6 Bxe4+ 58. Kxh6 Kxd5 59. Bd8 Bf8+ 60. Kh5 Ke6 61. f5+ Kf7 62. g5 fxg5 63. Kxg5 Bb4 64. Bc7 Bc2 65. Be5 Bd2+ 66. Bf4 Bb4 67. Be5 Be7+ 68. Kf4 Ke8 69. Bd4 Kd7 70. Bg7 Bb4 71. Bd4 Kd6 72. Be3 Kd5 73. Kg5 Be7+ 74. Kf4 Ba4 75. Bc1 Bf6 76. Bd2 Bd7 77. Bc1 Bc3 78. Kg5 Ke4 79. f6 Be8 80. Ba3 Bd2+ 81. Kg4 Bf7 82. Bd6 Be6+ 83. Kg3 Be1+ 84. Kg2 Bh4 85. Be7 Kf4 86. Bd6+ Kf5 87. Kf3 Bxf6 88. Ke3 Bc4 89. Bb8 Bc3 90. Bh2 Ba5 91. Kd4 Ba6 92. Bd6 Bb6+ 93. Bc5 Bc7 94. Ke3 Bh2 95. Kd4 Ke6 96. Kc3 Kd5 97. Bd4 Bf4 98. Bg7 Bc1 99. Kc2 Ba3 100. Kb3 Bd6 101. Kb2 Kc4 102. Ka1 Kb3 103. Bf6 Ba3 104. Bg7 Bd3 105. Bf6 Kc2 106. Bg7 Bc1 107. Bf6 Bh6 108. Be5 Bc4 109. Bf6 Bg7 110. Bxg7 Ba2 111. Kxa2 1/2-1/2

[Event "Brena Baja Magica"]
[Site "Brena Baja"]
[Date "2025.01.07"]
[Round "1"]
[White "Fiorito, Francisco"]
[Black "Defromont, Benjamin"]
[Result "1-0"]
[WhiteElo "2433"]
[BlackElo "2394"]
[PlyCount "77"]
[EventDate "2025.01.07"]
[EventType "tourn"]
[EventRounds "9"]
[EventCountry "ESP"]
[EventCategory "6"]
[SourceTitle "CB03_2025"]
[SourceDate "2025.01.15"]
[SourceVersion "1"]
[SourceVersionDate "2025.01.15"]
[SourceQuality "1"]

1. Nf3 Nf6 2. c4 g6 3. g3 Bg7 4. Bg2 c5 5. d4 cxd4 6. Nxd4 Nc6 7. Nc3 h5 8. h3 0-0 9. Be3 Nxd4 10. Bxd4 d6 11. 0-0 Be6 12. b3 Qc8 13. Kh2 Bd7 14. Bxf6 Bxf6 15. Nd5 Rd8 16. Nxf6+ exf6 17. Qd4 Kg7 18. Rad1 Bc6 19. e4 b5 20. Rd2 Qb7 21. cxb5 Qxb5 22. Rc1 a5 23. Rc4 Bb7 24. a4 Qd7 25. Qc3 Qe7 26. b4 axb4 27. Qxb4 Rd7 28. f4 h4 29. gxh4 Rh8 30. Qc3 Rxh4 31. Qg3 Rh5 32. Rcd4 Ra5 33. Qc3 Ra6 34. Rc4 Qd8 35. Rcd4 Qa5 36. Qg3 Re7 37. Rb2 Bc6 38. Qd3 Bxa4 39. Rd5 1-0

[Event "EU-ch 24th"]
[Site "Petrovac"]
[Date "2024.11.19"]
[Round "11"]
[White "Defromont, Benjamin"]
[Black "Boyer, Mahel"]
[Result "0-1"]
[WhiteElo "2399"]
[BlackElo "2506"]
[PlyCount "100"]
[EventDate "2024.11.08"]
[EventType "swiss"]
[EventRounds "11"]
[EventCountry "MNE"]
[SourceTitle "CB47_2024"]
[SourceDate "2024.11.20"]
[SourceVersion "1"]
[SourceVersionDate "2024.11.20"]
[SourceQuality "1"]

1. c4 e6 2. Nf3 d5 3. g3 d4 4. Bg2 Nc6 5. 0-0 Nh6 6. e3 Nf5 7. e4 Nfe7 8. d3 Ng6 9. Na3 e5 10. Nc2 a5 11. b3 Be7 12. a3 h5 13. Rb1 h4 14. b4 h3 15. Bh1 Bg4 16. Bd2 Qd7 17. bxa5 Nd8 18. Qe1 c6 19. Bc1 Ne6 20. Nb4 Nc5 21. Nd2 Bd8 22. Nb3 Nxb3 23. Rxb3 Bxa5 24. Bd2 0-0 25. Nc2 Bd8 26. Rb2 Be7 27. Bb4 Rae8 28. Bxe7 Rxe7 29. Na1 f5 30. f3 Bh5 31. exf5 Qxf5 32. Qe4 Qg5 33. Nb3 Nf4 34. Nc5 Bg6 35. Qe1 Nxd3 36. Nxd3 Bxd3 37. Rff2 Qe3 38. Qd2 Bxc4 39. Rb1 c5 40. a4 Qxd2 41. Rxd2 Bd5 42. Rb5 Bxf3 43. Bxf3 Rxf3 44. Rxc5 Ref7 45. Rc1 d3 46. Re1 e4 47. a5 R7f5 48. Rdd1 Rf2 49. Rxe4 Rg2+ 50. Kh1 Rff2 0-1

[Event "EU-ch 24th"]
[Site "Petrovac"]
[Date "2024.11.18"]
[Round "10"]
[White "Parligras, Mircea Emilian"]
[Black "Defromont, Benjamin"]
[Result "1/2-1/2"]
[WhiteElo "2550"]
[BlackElo "2399"]
[PlyCount "91"]
[EventDate "2024.11.08"]
[EventType "swiss"]
[EventRounds "11"]
[EventCountry "MNE"]
[SourceTitle "CB47_2024"]
[SourceDate "2024.11.20"]
[SourceVersion "1"]
[SourceVersionDate "2024.11.20"]
[SourceQuality "1"]

1. d4 Nf6 2. c4 g6 3. Nc3 Bg7 4. e4 d6 5. h3 0-0 6. Be3 Nc6 7. d5 Ne5 8. Be2 e6 9. Nf3 Nxf3+ 10. Bxf3 Nd7 11. Qd2 Nc5 12. 0-0 exd5 13. cxd5 Re8 14. b4 Nd7 15. Rac1 a6 16. Be2 Nb6 17. a4 Bd7 18. a5 Na4 19. Nxa4 Bxa4 20. Bf3 c6 21. Rfe1 Be5 22. Bd1 Bb5 23. Bb3 Rc8 24. f4 Bg7 25. Bb6 Qd7 26. Bd4 Bxd4+ 27. Qxd4 Re7 28. Rcd1 Rce8 29. Qf6 cxd5 30. Bxd5 Bc6 31. Bxc6 Qxc6 32. Rxd6 Rxe4 33. Rxc6 Rxe1+ 34. Kh2 bxc6 35. Qxc6 R1e6 36. Qc4 Rb8 37. Kg3 Rb5 38. Kf3 h5 39. g4 hxg4+ 40. hxg4 Kg7 41. Qd4+ Kg8 42. Kg3 Kf8 43. Qd8+ Kg7 44. Qd4+ Kf8 45. Qd8+ Kg7 46. Qd4+ 1/2-1/2

[Event "EU-ch 24th"]
[Site "Petrovac"]
[Date "2024.11.17"]
[Round "9"]
[White "Defromont, Benjamin"]
[Black "Vogel, Roven"]
[Result "1/2-1/2"]
[WhiteElo "2399"]
[BlackElo "2558"]
[PlyCount "87"]
[EventDate "2024.11.08"]
[EventType "swiss"]
[EventRounds "11"]
[EventCountry "MNE"]
[SourceTitle "CB47_2024"]
[SourceDate "2024.11.20"]
[SourceVersion "1"]
[SourceVersionDate "2024.11.20"]
[SourceQuality "1"]

1. e4 c5 2. Nf3 d6 3. d4 cxd4 4. Nxd4 Nf6 5. Nc3 a6 6. Bg5 Nbd7 7. Be3 e6 8. g4 Nc5 9. Bg2 e5 10. Nf5 g6 11. g5 Nfxe4 12. Nxd6+ Bxd6 13. Nxe4 Nxe4 14. Bxe4 0-0 15. Qd3 Qc7 16. 0-0-0 Be7 17. Qb3 a5 18. h4 Ra6 19. a3 a4 20. Qb5 h5 21. Rd3 Ra5 22. Qb6 Qxb6 23. Bxb6 Rb5 24. Be3 Be6 25. Rc3 Rd8 26. Bd3 Rbd5 27. Bc4 R5d6 28. Bc5 R6d7 29. Bb5 Bxc5 30. Bxd7 Bd4 31. Bxe6 Bxc3 32. bxc3 fxe6 33. Re1 Rc8 34. Rxe5 Rxc3 35. Rxe6 Kg7 36. Re7+ Kf8 37. Rxb7 Rxa3 38. Rb4 Ke7 39. Re4+ Kd7 40. Kb2 Rf3 41. Rxa4 Rxf2 42. Ra7+ Ke6 43. Ra6+ Ke5 44. Rxg6 1/2-1/2

[Event "EU-ch 24th"]
[Site "Petrovac"]
[Date "2024.11.16"]
[Round "8"]
[White "Bartel, Mateusz"]
[Black "Defromont, Benjamin"]
[Result "1-0"]
[WhiteElo "2613"]
[BlackElo "2399"]
[PlyCount "91"]
[EventDate "2024.11.08"]
[EventType "swiss"]
[EventRounds "11"]
[EventCountry "MNE"]
[SourceTitle "CB47_2024"]
[SourceDate "2024.11.20"]
[SourceVersion "1"]
[SourceVersionDate "2024.11.20"]
[SourceQuality "1"]

1. e4 c5 2. Nf3 g6 3. Bc4 Bg7 4. 0-0 d6 5. c3 Nf6 6. Bb5+ Nbd7 7. Re1 a6 8. Bf1 0-0 9. a4 Ne5 10. Nxe5 dxe5 11. a5 Ne8 12. d3 Be6 13. Be3 Rc8 14. Nd2 Nd6 15. f3 Rc6 16. c4 f5 17. b4 cxb4 18. Nb3 f4 19. Bf2 Qe8 20. Nc5 Bc8 21. Na4 g5 22. Nb6 Be6 23. Rb1 Qg6 24. Nd5 Rf7 25. Be2 h5 26. Kh1 g4 27. Bh4 Bf6 28. Nxf6+ exf6 29. Rxb4 Rg7 30. Rg1 f5 31. Qa1 fxe4 32. fxe4 g3 33. Qxe5 gxh2 34. Kxh2 Bg4 35. Bf1 Rf7 36. Rb6 f3 37. gxf3 Rxf3 38. Qd5+ Kh7 39. c5 Nf7 40. Rxb7 Re6 41. Bg2 Rff6 42. e5 Rf5 43. d4 Kh6 44. Qxe6 Qxe6 45. Rb6 Rf4 46. Rf1 1-0

[Event "EU-ch 24th"]
[Site "Petrovac"]
[Date "2024.11.10"]
[Round "3"]
[White "Defromont, Benjamin"]
[Black "Gusev, Mikhail"]
[Result "1-0"]
[WhiteElo "2399"]
[BlackElo "2186"]
[PlyCount "119"]
[EventDate "2024.11.08"]
[EventType "swiss"]
[EventRounds "11"]
[EventCountry "MNE"]
[SourceTitle "CB47_2024"]
[SourceDate "2024.11.20"]
[SourceVersion "1"]
[SourceVersionDate "2024.11.20"]
[SourceQuality "1"]

1. c4 e6 2. Nf3 Nf6 3. g3 b6 4. Bg2 Bb7 5. 0-0 c5 6. b3 d5 7. cxd5 exd5 8. d4 Nbd7 9. Bb2 Bd6 10. Nc3 0-0 11. dxc5 bxc5 12. e3 Qe7 13. Qd3 Ne5 14. Nxe5 Bxe5 15. Rac1 Rfd8 16. Qb5 a6 17. Qb6 Rac8 18. Na4 Bxb2 19. Nxb2 Rd6 20. Qa5 Qc7 21. Qxc7 Rxc7 22. Rfd1 Kf8 23. e4 Rdd7 24. e5 Ne4 25. Na4 Ke7 26. f3 Ng5 27. Nxc5 Rd8 28. Nxb7 Rxb7 29. f4 Ne4 30. Rxd5 Rxd5 31. Bxe4 Rbd7 32. Bxd5 Rxd5 33. Rc2 a5 34. Kf2 f6 35. exf6+ Kxf6 36. Ke3 Kf5 37. Rc7 Kf6 38. g4 h5 39. Rc6+ Kf7 40. g5 h4 41. Rc2 Kg6 42. Ke4 Rd1 43. Re2 h3 44. Re3 Rd2 45. Rxh3 Rxa2 46. Rh8 Re2+ 47. Kf3 Rb2 48. Kg4 Rg2+ 49. Kf3 Rb2 50. h4 Rxb3+ 51. Kg4 Kf7 52. Ra8 g6 53. Ra7+ Kf8 54. h5 gxh5+ 55. Kxh5 Rb5 56. Kg6 Rb6+ 57. Kh7 Rb5 58. Kh6 Rf5 59. g6 Kg8 60. Ra8+ 1-0

[Event "Budapest SixDays 09 GM-A"]
[Site "Budapest"]
[Date "2024.09.28"]
[Round "7"]
[White "Defromont, Benjamin"]
[Black "Mohammad Fahad, Rahman"]
[Result "1-0"]
[WhiteElo "2383"]
[BlackElo "2419"]
[PlyCount "57"]
[EventDate "2024.09.24"]
[EventType "tourn"]
[EventRounds "9"]
[EventCountry "HUN"]
[EventCategory "6"]
[SourceTitle "EXT 2025"]
[Source "ChessBase"]
[SourceDate "2024.10.14"]
[SourceVersion "1"]
[SourceVersionDate "2024.10.14"]
[SourceQuality "1"]

1. e4 c5 2. Nf3 Nc6 3. Bb5 g6 4. 0-0 Bg7 5. Re1 Nf6 6. Nc3 0-0 7. e5 Ne8 8. d3 Nd4 9. h3 Nc7 10. a4 d5 11. exd6 exd6 12. Bc4 Be6 13. Nxd4 Bxd4 14. Qf3 b6 15. Bf4 Qd7 16. Qg3 d5 17. Bxc7 dxc4 18. dxc4 Bxc3 19. bxc3 Bxc4 20. a5 bxa5 21. Rxa5 Qd2 22. Re7 Qd5 23. Be5 Rfe8 24. Raxa7 Rxe7 25. Rxe7 Qe4 26. Qg5 Bf1 27. Bf6 Qc6 28. Kxf1 h6 29. Qe5 1-0

[Event "Budapest SixDays 09 GM-A"]
[Site "Budapest"]
[Date "2024.09.28"]
[Round "8"]
[White "Mamatov, Melis"]
[Black "Defromont, Benjamin"]
[Result "0-1"]
[WhiteElo "2362"]
[BlackElo "2383"]
[PlyCount "118"]
[EventDate "2024.09.24"]
[EventType "tourn"]
[EventRounds "9"]
[EventCountry "HUN"]
[EventCategory "6"]
[SourceTitle "EXT 2025"]
[Source "ChessBase"]
[SourceDate "2024.10.14"]
[SourceVersion "1"]
[SourceVersionDate "2024.10.14"]
[SourceQuality "1"]

1. e4 e5 2. Nf3 Nc6 3. Bc4 Bc5 4. c3 Nf6 5. d3 d6 6. 0-0 a6 7. Bb3 Ba7 8. Nbd2 0-0 9. h3 h6 10. Re1 Nh5 11. Nf1 Qf6 12. Ne3 Nf4 13. Ng4 Qg6 14. Bxf4 exf4 15. d4 Bxg4 16. hxg4 Qxg4 17. Qd3 Ne7 18. a4 c6 19. Re2 Rae8 20. Rae1 Ng6 21. Bc2 Re7 22. b4 Rfe8 23. a5 Bb8 24. Bb3 Bc7 25. Bc2 Nf8 26. Qd2 Ne6 27. Qd3 g6 28. d5 Ng5 29. Nxg5 Qxg5 30. dxc6 bxc6 31. Ba4 d5 32. Bxc6 dxe4 33. Bxe4 Qf6 34. Bf3 Rd8 35. Qc4 Rxe2 36. Bxe2 Qe5 37. Kf1 Re8 38. Rd1 Re7 39. Qxa6 Qxc3 40. Qc4 Qb2 41. Bf3 h5 42. Qc5 Qf6 43. Kg1 h4 44. Kh2 Kh7 45. Qd4 Qe6 46. Rc1 Rd7 47. Qe4 Qf6 48. Qc6 Qd8 49. Qc4 h3 50. gxh3 Qh4 51. Qc5 Rd3 52. Kg2 Bd6 53. Qc4 Qg5+ 54. Bg4 f3+ 55. Kg1 Rd4 56. Qxf7+ Kh6 57. Rb1 Rxb4 58. Qa2 Rxg4+ 59. hxg4 Qxg4+ 0-1

[Event "Budapest SixDays 09 GM-A"]
[Site "Budapest"]
[Date "2024.09.26"]
[Round "4"]
[White "Wachinger, Nikolas"]
[Black "Defromont, Benjamin"]
[Result "1/2-1/2"]
[WhiteElo "2442"]
[BlackElo "2383"]
[PlyCount "79"]
[EventDate "2024.09.24"]
[EventType "tourn"]
[EventRounds "9"]
[EventCountry "HUN"]
[EventCategory "6"]
[SourceTitle "EXT 2025"]
[Source "ChessBase"]
[SourceDate "2024.10.14"]
[SourceVersion "1"]
[SourceVersionDate "2024.10.14"]
[SourceQuality "1"]

1. e4 d5 2. exd5 Qxd5 3. Nc3 Qd8 4. d4 Nf6 5. Nf3 g6 6. Bc4 Bg7 7. 0-0 0-0 8. Re1 a6 9. a4 Nc6 10. a5 b5 11. axb6 cxb6 12. Bf4 Bb7 13. d5 Nb4 14. d6 exd6 15. Bxd6 Nxc2 16. Bxf8 Nxe1 17. Qxe1 Kxf8 18. Ng5 Qc7 19. Bxf7 Qc6 20. Nf3 Rd8 21. Bb3 Ne4 22. Nxe4 Qxe4 23. Qxe4 Bxe4 24. Ng5 Bf5 25. Nxh7+ Ke7 26. Rxa6 Bxb2 27. Rxb6 Rd2 28. g4 Bxg4 29. Ng5 Bd4 30. Rb7+ Kd8 31. Rf7 Bf5 32. Ne6+ Bxe6 33. Bxe6 g5 34. Kg2 Ke8 35. Rf5 Ke7 36. Bc4 Rxf2+ 37. Rxf2 Bxf2 38. Kxf2 g4 39. Kg3 Kf6 40. Kxg4 1/2-1/2